Animals by a Single Word Clue - Statistics

General Stats
  • This quiz has been taken 74 times
  • The average score is 14 of 15
Answer Stats
Word Animal % Correct
Meow Cat
100%
Fetch Dog
100%
Saddle Horse
99%
Trunks Elephant
97%
Mud Pig
97%
Banana Monkey
96%
Jaws Shark
96%
Slither Snake
96%
Acorn Squirrel | Chipmunk
96%
Bamboo Panda
94%
Neck Giraffe
93%
Vampire Bat
91%
Mane Lion
88%
Bald Eagle
87%
Wheel Hamster
57%
No matching quizzes found
Score Distribution
Percent of People with Each Score
Percentile by Number Answered
Your Score History
You have not taken this quiz